TEXTBOOK OF MEDICAL EMBRYOLOGY (Record no. 216376)
[ view plain ]
| 000 -LEADER | |
|---|---|
| fixed length control field | 00424nam a22001457a 4500 |
| 008 - FIXED-LENGTH DATA ELEMENTS--GENERAL INFORMATION | |
| fixed length control field | 251222b |||||||| |||| 00| 0 eng d |
| 020 ## - INTERNATIONAL STANDARD BOOK NUMBER | |
| International Standard Book Number | 9966-44-157-3 |
| 050 ## - LIBRARY OF CONGRESS CALL NUMBER | |
| Classification number | QL 955 .F37 1980 |
| 100 ## - MAIN ENTRY--PERSONAL NAME | |
| Personal name | F. Fasana |
| 245 ## - TITLE STATEMENT | |
| Title | TEXTBOOK OF MEDICAL EMBRYOLOGY |
| Remainder of title | ; Normal and Abnormal Development |
| 260 ## - PUBLICATION, DISTRIBUTION, ETC. | |
| Place of publication, distribution, etc. | Nairobi , Kenya |
| Name of publisher, distributor, etc. | Kenya Literature Bureau |
| Date of publication, distribution, etc. | 1980 |
| 300 ## - PHYSICAL DESCRIPTION | |
| Extent | 319pages |
| 942 ## - ADDED ENTRY ELEMENTS (KOHA) | |
| Source of classification or shelving scheme | Library of Congress Classification |
| Koha item type | Long Loan Book |
| Withdrawn status | Lost status | Source of classification or shelving scheme | Damaged status | Not for loan | Collection | Home library | Current library | Shelving location | Date acquired | Inventory number | Total checkouts | Full call number | Barcode | Date last seen | Date last checked out | Copy number | Price effective from | Koha item type |
|---|---|---|---|---|---|---|---|---|---|---|---|---|---|---|---|---|---|---|
| Library of Congress Classification | Medicine | Kisii University Library | Kisii University Library | On Display | 12/22/2025 | 094499 | 1 | QL 955 .F37 1680 | 041824 | 01/08/2026 | 12/22/2025 | 14 | 12/22/2025 | Long Loan Book |